Parc del Castell de Montesquiu : english english
Descripción Física:
1 díptic : il·lustracions ; 44 x 44 cm
Materias:
Parc del Castell de Montesquiu (Catalunya)
; Parc del Castell de Montesquiu (Catalunya) -- Guies
Idioma:
Catalán
MARC
| LEADER | 00000nam a22000007a 4500 | ||
|---|---|---|---|
| 001 | 25537 | ||
| 003 | Arxiu | ||
| 005 | 20260324181110.0 | ||
| 008 | 220517b spa||||| |||| 00| 0 cat d | ||
| 017 | |a DL B 8026-2018 | ||
| 080 | |a FU-69-25 | ||
| 110 | 1 | |9 52663 |a Parc del Castell de Montesquiu (Catalunya) | |
| 245 | |a Parc del Castell de Montesquiu : |b english | ||
| 260 | |a Barcelona : |b Diputació de Barcelona ; |c 2018 | ||
| 300 | |a 1 díptic : |b il·lustracions ; |c 44 x 44 cm | ||
| 546 | |a Díptic en anglès | ||
| 610 | 1 | 0 | |9 52663 |a Parc del Castell de Montesquiu (Catalunya) |
| 610 | 1 | 0 | |9 52681 |a Parc del Castell de Montesquiu (Catalunya) |v Guies |
| 710 | 1 | |9 52730 |a Barcelona (Catalunya : Província). |b Gerència de Serveis d’Espais Naturals | |
| 942 | |2 udc |c ARXIU |n 1 | ||
| 952 | |0 0 |1 0 |4 0 |6 FU6925 |7 1 |9 61747 |a Arxiu |b Arxiu |d 2022-05-17 |l 0 |o FU-69-25 |p 25537 |r 2022-05-17 00:00:00 |w 2022-05-17 |y ARXIU | ||
| 999 | |c 81611 |d 81611 | ||